000 00830nam a2200241 4500
001 143790
003 ES-MaACL
007 t|
008 070214s1981 mx r ||||1| spa d
020 _a968-16-0818
100 1 _aShell, Marc.
_9106065
245 1 3 _aLa economía de la literatura /
_cMarc Shell ; traducción de Jorge Aguilar Mora.
250 _a1ª. ed. en español.
260 _aMéxico :
_bFondo de Cultura Económica,
_c1981.
300 _a326 p., 12 lám. :
_b17 cm.
490 1 _aBreviarios del Fondo de Cultura Económica ;
_v303
650 7 _aLiteratura y sociedad
_2embne
_914679
700 1 _aAguilar Mora, Jorge.
_918735
830 0 _aBreviarios del Fondo de Cultura Económica ;
_v303
_9179682
852 _aES-MaACL
_jL-8418
_bR.109120
_9148986
_cDEPO2
942 _2udc
999 _c143790
_d143790